| 000 | 01194cam a22003017a 4500 | ||
|---|---|---|---|
| 001 | 2638 | ||
| 003 | FISKH | ||
| 005 | 20250814142501.0 | ||
| 008 | 040827s2003 nyu 000 0 eng | ||
| 010 | _a 2004302346 | ||
| 020 | _a9780786818839 | ||
| 020 | _a0786818832 (hbk.) | ||
| 035 | _a(OCoLC)ocm52632845 | ||
| 040 |
_aUBY _cUBY _dTEF _dOCLCQ _dDLC _beng |
||
| 050 | 0 | 0 | _aMLCS 2011/42311 (P) |
| 082 | _a813.54 | ||
| 100 | 1 | _aGutman, Dan. | |
| 245 | 1 | 4 |
_aThe million dollar goal / _cDan Gutman. |
| 260 |
_aNew York : _bHyperion Books For Children, _c2003. |
||
| 300 |
_a167 pages ; _c22 cm |
||
| 505 | _aR | ||
| 520 | _aBrother and sister twins, Dawn and Dusk, love hockey. Unfortunately, their dad hates the game, and their grandmother thinks they ought to be doing their homework. But, when their dad gets free tickets to a Canadiens game, he takes the whole family. The lucky fan who will get a chance to take a shot on goal for one million dollars will be chosen at the end of the game. | ||
| 521 | 8 |
_a720
_bLexile |
|
| 521 | 8 |
_aR
_bRaz-Plus |
|
| 650 |
_aHockey sports _vJuvenile literature |
||
| 906 |
_a7 _bcbc _corignew _d4 _encip _f20 _gy-gencatlg |
||
| 942 |
_2ddc _cBK _n0 |
||
| 999 |
_c2638 _d2638 |
||